000 00750nam a2200229Ia 4500
003 GCL
008 140319s9999 xx 000 0 ara d
040 _aGCL /
_cGCL
082 0 4 _aق
_b962.04
_bر ت
100 1 _aعلى احمد شكرى (مترجم)
245 1 0 _aتاريخ مصر قبل الاحتلال وبعدة /
_cعلى احمد شكرى (مترجم)
700 1 _aروذستين، تيودور
300 _a592 ص
490 _a
650 0 4 _aالعصر الحديث
650 0 4 _aمصر
650 0 4 _aتاريخ
650 0 4 _aالاحوال الاجتماعية
650 0 4 _aالاحوال الاقتصادية
650 0 4 _aمصر - تاريخ - العصر الحديث - الثورة العرابية
942 _2ddc
_cBK
999 _c39358
_d39358